Transport implications of urban containment policies: a study of the largest twenty-five US metropolitan areas (Record no. 71629)

000 -LEADER
fixed length control field 00522pab a2200181 454500
008 - FIXED-LENGTH DATA ELEMENTS--GENERAL INFORMATION
fixed length control field 180718b2006 xxu||||| |||| 00| 0 eng d
100 ## - MAIN ENTRY--PERSONAL NAME
Personal name Rodriguez, Daniel A.
245 ## - TITLE STATEMENT
Title Transport implications of urban containment policies: a study of the largest twenty-five US metropolitan areas
260 ## - PUBLICATION, DISTRIBUTION, ETC.
Date of publication, distribution, etc. 2006
300 ## - PHYSICAL DESCRIPTION
Extent p.1879-897.
362 ## - DATES OF PUBLICATION AND/OR SEQUENTIAL DESIGNATION
Dates of publication and/or sequential designation Sep
650 ## - SUBJECT ADDED ENTRY--TOPICAL TERM
Topical term or geographic name entry element Transport - United States
650 ## - SUBJECT ADDED ENTRY--TOPICAL TERM
Topical term or geographic name entry element Transport
700 ## - ADDED ENTRY--PERSONAL NAME
Personal name Aytur, Semra A.
700 ## - ADDED ENTRY--PERSONAL NAME
Personal name Targa, Felipe
773 ## - HOST ITEM ENTRY
Main entry heading Urban Studies
909 ## -
-- 71629
Holdings
Withdrawn status Lost status Damaged status Not for loan Permanent Location Current Location Date acquired Serial Enumeration / chronology Barcode Date last seen Price effective from Koha item type
        Indian Institute of Public Administration Indian Institute of Public Administration 2018-07-19 Volume no: 43, Issue no: 10 AR72089 2018-07-19 2018-07-19 Articles

Powered by Koha